Glossary of terms relating to rubber and rubber technology.

Na minha lista:
Detalhes bibliográficos
Autor Corporativo: American Society for Testing and Materials
Formato: Livro
Idioma:English
Publicado em: Philadelphia, Pa. : A.S.T.M., 1972.
coleção:Special technical publication 184A.
Assuntos:
LEADER 01154nam a2200277 a 4500
001 c000169426
003 CARM
005 19881124000000.0
008 740210s1972 ua d 000 0 eng d
019 1 |a 134134  |5 LACONCORD2021 
035 |a (OCoLC)63634372  |5 LACONCORD2021 
040 |a QUT  |b eng  |c QUT  |d VIT 
082 0 4 |a 678.203 
110 2 |a American Society for Testing and Materials. 
245 1 0 |a Glossary of terms relating to rubber and rubber technology. 
260 |a Philadelphia, Pa. :  |b A.S.T.M.,  |c 1972. 
300 |a 122 p. :  |b ill. ;  |c 23 cm. 
490 0 |a Special technical publication 184A. 
500 |a "OH-18400-20. 
500 |a A revision of STP 184 under the aegis of ASTM Subcommittee D11.08, Terminology. 
650 0 |a Rubber  |x Dictionaries. 
650 0 |a Rubber industry and trades  |x Dictionaries. 
810 2 |a American Society for Testing and Materials.  |t Special technical publication ;  |v 184A. 
852 8 |b CARM  |h A2:AK03B0  |i B05262  |p 0235437  |f BK 
999 f f |i f9dada79-150e-5bc8-8d36-5ee4ced5d889  |s 494bc6e7-87d5-56bf-907b-80b50cc92a5c 
952 f f |p Can circulate  |a CAVAL  |b CAVAL  |c CAVAL  |d CARM 1 Store  |e B05262  |f A2:AK03B0  |h Other scheme  |i book  |m 0235437